000 00974nam a2200277Ia 4500
003 OSt
005 20220923211302.0
006 a|||||r|||| 00| 0
007 ta
008 220922b |||||||| |||| 00| 0 hin d
020 _a9788179171424 (hbk)
_c225
024 _a285,136
037 _b28, 02/02/2015, P. K. Books
_cTextual
040 _aARTS
_cARTS
_bhin
041 _2hin
_ahin
082 _aY49(J):3.2, 152Q0
100 _aसहजानंद सरस्वती
245 0 _aकिसान कैसे लड़ते हैं?
246 _aKisān kaise laड़te haian
250 _a2 संस्करण
260 _aदिल्ली
_b ग्रंथ शिल्पी
_c2010
300 _a112पृ.
_ccm.
650 _aभारतीय-लोक साहित्य
942 _hY49(J):3.2, 152Q0
_cTEXL
_2CC
999 _c298135
_d298135